| 000 | 00437 a2200157 4500 | ||
|---|---|---|---|
| 003 | OSt | ||
| 005 | 20251113151544.0 | ||
| 008 | 231019b |||||||| |||| 00| 0 eng d | ||
| 020 | _a9953851980 | ||
| 040 | _coclc | ||
| 082 |
_a956 _bZAI/M |
||
| 100 |
_aZainudheen, NAJI _910486 |
||
| 245 |
_aMASOORUL KHATHUL ARABI BADAEHA KHATH / _cNaji Zainudheen |
||
| 300 | _a496.; | ||
| 942 |
_2ddc _cBK _h956 _k956 _iZAI/M _mZAI/M |
||
| 999 |
_c42660 _d42660 |
||